Hands-on discovery center activities for preschool children

Saved in:
Bibliographic Details
Main Author: Clancy, Lorraine
Format: Book
Language:English
Published: New York : The Center for Applied Research in Education, 1993
Subjects:
Tags: Add Tag
No Tags, Be the first to tag this record!

MARC

LEADER 00000nam a2200000 i 4500
001 1/98358
008 000119s1993 eng d
020 |a 0-87628-810-7 
035 |l 10056485 
040 |a GR-MY-UA  |b gre  |e aacr 
041 0 |a eng 
082 0 |a 372.21 
100 1 |a Clancy, Lorraine. 
245 1 0 |a Hands-on discovery center activities for preschool children /  |c Lorraine Clancy 
260 |a New York :   |b The Center for Applied Research in Education,   |c 1993 
300 |a 208 p. 
650 0 0 |a Education, Preschool  |z United States  |x Activity programs. 
650 0 0 |a Classroom learning centers  |z United States. 
852 |a INST  |b RHODES  |e 20000119  |h 372.21 CLA  |p 005400014234  |q 005400014234  |t BK  |y 0 
901 |a BIBL4-2000-1 
909 |a Ρ  |b 072480 
922 |a 4ΕΛΗ  |b 199911  |c ΚΠΣ/154  |d GLORY BOOKS 
970 |a ΚΟΥΛΑΚΙΟΤΗ  |b ΛΙΤΣΑ  |z 2000/01/19